امام الہند ابول کلام آزاد / (Record no. 172296)

MARC details
000 -LEADER
fixed length control field 00589nam a22001817a 4500
005 - DATE AND TIME OF LATEST TRANSACTION
control field 20200131120532.0
010 ## - LCCN (DPL NO)
LC control number A-511319
020 ## - INTERNATIONAL STANDARD BOOK NUMBER
International Standard Book Number 818543400X
035 ## - SYSTEM CONTROL NUMBER
System control number A-511319
037 ## - SOURCE OF ACQUISITION
Source of stock number/acquisition BPPD/Pub.
082 ## - DEWEY DECIMAL CLASSIFICATION NUMBER
Classification number 921
245 ## - TITLE STATEMENT
Title امام الہند ابول کلام آزاد /
Statement of responsibility, etc مرتبہ - سیدہ سیدین حمید
246 ## - VARYING FORM OF TITLE
Title proper/short title Imam-ul-Hind Abul Kalam Azad /
Remainder of title edited by Syeda Syedin Hamid
260 ## - PUBLICATION, DISTRIBUTION, ETC. (IMPRINT)
Place of publication, distribution, etc New Delhi
Name of publisher, distributor, etc Indian Council For Cultural Relations
Date of publication, distribution, etc 1990 ء
270 ## - ADDRESS
Address -
City -
Postal code -
300 ## - PHYSICAL DESCRIPTION
Extent 476p.
Dimensions 23cm(Hb)
942 ## - ADDED ENTRY ELEMENTS (KOHA)
Source of classification or shelving scheme Dewey Decimal Classification
Item type Urdu Bks
Classification part 921
Call number suffix ا ب و
Holdings
Withdrawn status Lost status Not for loan Collection code Home library Current library Date acquired Source of acquisition Full call number Barcode Copy number Koha item type
      Non-fiction Central Library Central Library 31/01/2020 BPPD/Ven. 921 ا ب و A-511319 1 Urdu Bks

© Delhi Public Library
Hit Counter
free hit counter